| 000 | 00545nam a22001817a 4500 | ||
|---|---|---|---|
| 005 | 2009022503313.0 | ||
| 008 | 090225t xxu||||| |||| 00| 0 eng d | ||
| 022 | _a0971-3336 | ||
| 022 | _a0971-0761 | ||
| 245 | _aPsychology and developing societies | ||
| 260 |
_aNew Delhi _bSage Publications _c2008- |
||
| 300 |
_av. _c24 cm |
||
| 310 | _ahalf-yearly | ||
| 856 | _uhttp://pds.sagpub.com | ||
| 365 | _bRs. 570.00 per annum | ||
| 942 |
_2ddc _cSR _s1 |
||
| 999 |
_c24361 _d24361 |
||